[Event "GER-ch40 V10 email"]
[Site "GER email"]
[Date "2008.04.28"]
[Round "?"]
[White "Garscha, Karin"]
[Black "Betker, Joerg"]
[Result "1/2-1/2"]
[WhiteElo "2456"]
[BlackElo "2428"]
[PlyCount "55"]
[EventDate "2008.??.??"]
[EventType "tourn (corr)"]
[EventRounds "10"]
[EventCountry "GER"]
[SourceTitle "Corr 2011"]
[Source "ChessBase"]
[SourceDate "2010.08.31"]
[SourceVersion "1"]
[SourceVersionDate "2010.08.31"]
[SourceQuality "1"]

1. e4 c5 2. Nf3 Nc6 3. d4 cxd4 4. Nxd4 Nf6 5. Nc3 e5 6. Ndb5 d6 7. Bg5 a6 8. Na3 b5 9. Nd5 Be7 10. Bxf6 Bxf6 11. c4 b4 12. Nc2 a5 13. b3 0-0 14. g3 Be6 15. Bg2 Bg5 16. 0-0 Rb8 17. Qe2 Ne7 18. Nxe7+ Qxe7 19. h4 Bh6 20. Rfd1 Rfc8 21. Rd3 f6 22. Ne3 Bxe3 23. Qxe3 Rc6 24. Kh2 Qc7 25. Bh3 Bf7 26. Rad1 Rd8 27. Qd2 Ra6 28. Kg2 1/2-1/2

[Event "GER-ch40 V10 email"]
[Site "GER email"]
[Date "2008.04.28"]
[Round "?"]
[White "Garscha, Karin"]
[Black "Herrmann, Hans"]
[Result "1-0"]
[WhiteElo "2456"]
[BlackElo "2294"]
[PlyCount "65"]
[EventDate "2008.??.??"]
[EventType "tourn (corr)"]
[EventRounds "10"]
[EventCountry "GER"]
[SourceTitle "Corr 2011"]
[Source "ChessBase"]
[SourceDate "2010.08.31"]
[SourceVersion "1"]
[SourceVersionDate "2010.08.31"]
[SourceQuality "1"]

1. e4 e6 2. d4 d5 3. Nc3 Bb4 4. e5 Ne7 5. a3 Bxc3+ 6. bxc3 c5 7. Qg4 0-0 8. Bd3 Nbc6 9. Bg5 Qa5 10. Ne2 Ng6 11. 0-0 Qa4 12. Qg3 cxd4 13. h4 h5 14. Bf6 dxc3 15. f4 Nd4 16. Nxd4 Qxd4+ 17. Kh2 Bd7 18. Rab1 b5 19. Qg5 Qc5 20. Bxg6 fxg6 21. Qxg6 Rf7 22. Rf3 Qxa3 23. Rg3 Qf8 24. Rf1 a5 25. Rff3 b4 26. Rg5 Be8 27. Rxh5 Rxf6 28. Qh7+ Kf7 29. exf6 Kxf6 30. Rg5 Ke7 31. f5 Kd6 32. fxe6 Qe7 33. Qd3 1-0

[Event "GER-ch40 V10 email"]
[Site "GER email"]
[Date "2008.04.28"]
[Round "?"]
[White "Kunz, Harry"]
[Black "Garscha, Karin"]
[Result "1-0"]
[WhiteElo "2335"]
[BlackElo "2456"]
[PlyCount "83"]
[EventDate "2008.??.??"]
[EventType "tourn (corr)"]
[EventRounds "10"]
[EventCountry "GER"]
[SourceTitle "Corr 2011"]
[Source "ChessBase"]
[SourceDate "2010.08.31"]
[SourceVersion "1"]
[SourceVersionDate "2010.08.31"]
[SourceQuality "1"]

1. e4 c5 2. c3 d5 3. exd5 Qxd5 4. d4 Nf6 5. Nf3 Bg4 6. Qa4+ Bd7 7. Qb3 cxd4 8. Bc4 Qe4+ 9. Kf1 e6 10. Nxd4 Nc6 11. Nd2 Qg6 12. Qxb7 Rb8 13. Qc7 Be7 14. Nxc6 Rc8 15. Nxe7 Qh5 16. Qxd7+ Nxd7 17. Be2 Qc5 18. Nxc8 Qxc8 19. Nc4 0-0 20. Be3 Qc7 21. g3 Qb7 22. f3 Nf6 23. Kg2 Nd5 24. Bf2 Qe7 25. Rad1 h6 26. Rd4 Rb8 27. Rhd1 h5 28. R1d2 Re8 29. f4 h4 30. Bf3 Qc7 31. f5 hxg3 32. Bxg3 Qc5 33. fxe6 fxe6 34. Re2 Nf6 35. Nd6 e5 36. Rd3 e4 37. Nxe4 Nxe4 38. Bxe4 Qh5 39. Re1 Qb5 40. b3 Rxe4 41. Rd8+ Kh7 42. Rxe4 1-0

[Event "GER-ch40 V10 email"]
[Site "GER email"]
[Date "2008.04.28"]
[Round "?"]
[White "Rau, Manfred"]
[Black "Garscha, Karin"]
[Result "0-1"]
[WhiteElo "2320"]
[BlackElo "2456"]
[PlyCount "100"]
[EventDate "2008.??.??"]
[EventType "tourn (corr)"]
[EventRounds "10"]
[EventCountry "GER"]
[SourceTitle "Corr 2011"]
[Source "ChessBase"]
[SourceDate "2010.08.31"]
[SourceVersion "1"]
[SourceVersionDate "2010.08.31"]
[SourceQuality "1"]

1. c4 c6 2. Nf3 d5 3. d4 e6 4. Bg5 Be7 5. Bxe7 Qxe7 6. e3 Nf6 7. Nc3 b6 8. cxd5 exd5 9. Bd3 0-0 10. 0-0 Re8 11. Ne5 Bb7 12. f4 c5 13. Rf3 Nc6 14. Bb5 Qd6 15. Qa4 Rec8 16. Rc1 a6 17. Bxc6 Bxc6 18. Qa3 Bb7 19. Rd1 Qe6 20. Qb3 Rc7 21. dxc5 bxc5 22. Rf2 Re8 23. h3 h6 24. Rfd2 g5 25. Re2 Kg7 26. Nf3 gxf4 27. exf4 Qd7 28. Rxe8 Qxe8 29. Re1 Qd8 30. Nd1 d4 31. Nh4 Kh7 32. Qd3+ Kh8 33. Nf2 c4 34. Qd2 Rc8 35. Rd1 d3 36. Qb4 Be4 37. Qc3 Kg8 38. Re1 Qb6 39. Kf1 Rd8 40. Qd2 Qd4 41. g4 Kh8 42. Re3 Rb8 43. Nd1 Bc6 44. Nf3 Bxf3 45. Rxf3 Ne4 46. Qe3 Qd5 47. Kg1 d2 48. f5 Kh7 49. f6 Re8 50. Rf1 Re6 0-1

[Event "GER-ch37 V5 email"]
[Site "GER email"]
[Date "2006.10.13"]
[Round "?"]
[White "Garscha, Karin"]
[Black "Geissler, Walter"]
[Result "1/2-1/2"]
[WhiteElo "2181"]
[BlackElo "2116"]
[PlyCount "65"]
[EventDate "2006.??.??"]
[EventType "tourn (corr)"]
[EventRounds "10"]
[EventCountry "GER"]
[SourceTitle "Corr 2008"]
[Source "ChessBase"]
[SourceDate "2008.06.24"]
[SourceVersion "1"]
[SourceVersionDate "2008.06.24"]
[SourceQuality "1"]

1. e4 e6 2. d4 d5 3. Nc3 Nf6 4. Bg5 dxe4 5. Nxe4 Be7 6. Bxf6 Bxf6 7. Nf3 0-0 8. Qd2 Nd7 9. 0-0-0 b6 10. Bc4 Bb7 11. d5 b5 12. Bb3 c5 13. Nd6 Bxd5 14. Bxd5 exd5 15. Qxd5 Nb6 16. Qf5 g6 17. Qf4 Bg7 18. Rhe1 Qc7 19. Qh4 Na4 20. c3 Nxc3 21. bxc3 Qa5 22. Rd2 Bxc3 23. Ree2 Bxd2+ 24. Rxd2 c4 25. Ng5 h5 26. Qd4 c3 27. Re2 Qa3+ 28. Kb1 Rad8 29. Nge4 f5 30. Qd5+ Kg7 31. Qd4+ Kg8 32. Qd5+ Kg7 33. Qd4+ 1/2-1/2

[Event "GER-ch37 V5 email"]
[Site "GER email"]
[Date "2006.10.13"]
[Round "?"]
[White "Goy, Udo"]
[Black "Garscha, Karin"]
[Result "1/2-1/2"]
[WhiteElo "2063"]
[BlackElo "2181"]
[PlyCount "44"]
[EventDate "2006.??.??"]
[EventType "tourn (corr)"]
[EventRounds "10"]
[EventCountry "GER"]
[SourceTitle "Corr 2008"]
[Source "ChessBase"]
[SourceDate "2008.06.24"]
[SourceVersion "1"]
[SourceVersionDate "2008.06.24"]
[SourceQuality "1"]

1. d4 d5 2. Nf3 c6 3. c4 Nf6 4. e3 Bf5 5. Nc3 e6 6. Nh4 Bg6 7. Qb3 Qc7 8. Nxg6 hxg6 9. Bd2 Nbd7 10. Rc1 dxc4 11. Bxc4 Nb6 12. h3 Nxc4 13. Qxc4 Rd8 14. e4 Qd7 15. Be3 b5 16. Qe2 b4 17. Na4 Nxe4 18. Qc2 Nf6 19. Qxc6 Nd5 20. Qxd7+ Kxd7 21. Ke2 Bd6 22. Rc4 Ke7 1/2-1/2